Fight Song Rachel Platten Lyrics - Statistics

General Stats
  • This quiz has been taken 74 times
  • The average score is 284 of 334
Answer Stats
Answer % Correct
I
100%
my
100%
a
98%
fight
98%
is
98%
song
98%
the
98%
this
98%
can
95%
in
95%
(in
95%
on
95%
an
93%
back
93%
be
93%
hear
93%
And
91%
and
91%
left
91%
me
91%
of
91%
strong
91%
strong)
91%
care
89%
i'll
89%
(i'll
89%
life
89%
Like
89%
like
89%
nobody
89%
ocean
89%
all
87%
else
87%
got
87%
take
87%
didn't
85%
don't
85%
if
85%
now
85%
right
85%
small
85%
things
85%
believe
84%
big
84%
explosion
84%
inside
84%
make
84%
power's
84%
really
84%
say
84%
single
84%
still
84%
waves
84%
but
82%
'cause
82%
'Cause
82%
i'm
82%
lot
82%
one
82%
open
82%
prove
82%
those
82%
wrecking
82%
alright
80%
believes
80%
brain
80%
heart
80%
only
80%
tonight
80%
boat
78%
have
78%
into
78%
turned
78%
word
78%
balls
76%
match
76%
motion
76%
scream
76%
you
76%
how
75%
i've
75%
will
75%
loud
73%
sending
73%
might
71%
play
69%
voice
69%
starting
67%
yeah
65%
them
62%
time
62%
deep
60%
deep)
60%
about
58%
it's
58%
too
58%
fire
56%
losing
56%
worried
56%
everybody's
55%
there's
55%
burning
53%
friends
53%
bones
51%
chasing
51%
years
51%
miss
49%
been
47%
home
47%
two
47%
know
5%
sleeping
2%
No matching quizzes found
Score Distribution
Percent of People with Each Score
Percentile by Number Answered
Your Score History
You have not taken this quiz